Normal view
MARC view
- Urdu Literature - Afsanay
Entry Topical Term
001 - CONTROL NUMBER
- control field: 129782
003 - CONTROL NUMBER IDENTIFIER
- control field: NUST
005 - DATE AND TIME OF LATEST TRANSACTION
- control field: 20250713105747.0
008 - FIXED-LENGTH DATA ELEMENTS
- fixed length control field: 250713|| aca||aabn | a|a d
040 ## - CATALOGING SOURCE
- Original cataloging agency: NUST
- Transcribing agency: NUST
150 ## - HEADING--TOPICAL TERM
- Topical term or geographic name entry element: Urdu Literature - Afsanay
670 ## - SOURCE DATA FOUND
- Source citation: Work cat.: (NUST): Dr. Iqbal Afaqi 129781, Urdu Afsana: Fun, Hunar aur Mastani Tajziye/, 2012.
